000 00791nam a22002057a 4500
003 NALT
005 20260210140822.0
008 s2558 th tha d
020 _a9789749468715
040 _aNALT
041 _atha
090 _aKT 63
_bส238ส 2558
100 0 _aสมชัย ฑีฆาอุตมากร
_928724
245 1 0 _aสัมมนากฎหมายวิธีพิจารณาความแพ่ง 2 /
_cโดย สมชัย ฑีฆาอุตมากร.
260 _aกรุงเทพฯ :
_bพลสยาม พริ้นติ้ง,
_c2558.
300 _a384 หน้า ;
_b
_c24 ซม.
650 4 _aวิธีพิจารณาความแพ่ง
_9756
850 _aNALT
942 _cLB
_2local
999 _c74692
_d74692
998 _j104
_k นางสาวสายฝน ดีงาม